| 000 | 00683nam a22001817a 4500 | ||
|---|---|---|---|
| 020 | _qHard Cover. | ||
| 082 | _a004 | ||
| 100 | _aAshraf, Adnan ; Nauman Pervez and Muhammad Saad Saleem | ||
| 245 |
_aTime Shared Pipelined RISG Processor / _cAdnan Ashraf ; Nauman Pervez ; Muhammad Saad Saleem |
||
| 260 |
_aIslamabad : _bSEECS - NUST, _c2011. |
||
| 300 |
_a61 p. : ill. ; _c30cm. |
||
| 563 | _aHBK | ||
| 650 |
_aInformation and Communication System Engineering-MS-Thesis. _931560 |
||
| 700 |
_aDr. Muhammad Shahazad Younis. _931561 |
||
| 856 | _uhttp://10.250.8.41:8080/xmlui/handle/123456789/29289 | ||
| 942 |
_2ddc _cTHE |
||
| 999 |
_c536407 _d536407 |
||